Bangor(County Down) Trivia - Statistics

General Stats
  • This quiz has been taken 11 times
  • The average score is 15 of 26
Answer Stats
Hint Answer % Correct
Located in this county County Down
100%
Parliamentary constituency North Down
100%
Located in this council area North Down and Ards
100%
Postcode area BT19, BT20
88%
Lead singer of Snow Patrol Gary Lightbody
88%
Park which hosted Vital music festival in 2011 Ward Park
88%
Population 61,001
75%
North Pier was renamed in honour of this US President Dwight D Eisenhower
75%
Elegant Elizabethan-Jacobean country house which serves as primary offices for council Bangor Castle
63%
Stadium where Bangor FC play Bangor Fuels Arena
63%
Indie rock band originating from town Two Door Cinema Club
63%
Sheltered bay east of the town centre; used as a training ground by American soldiers in preparation for the D Day Landings Ballyholme Bay
50%
First First Minister of Northern Ireland and Nobel Peace Prize Laureate; born in town David Trimble
50%
Famous clock which is a popular meeting place McKee Clock
50%
First shopping centre to open in Northern Ireland; closed in 2006 and replaced by a Tesco Springhill Centre
50%
Railway which served the town prior to nationalisation Belfast and County Down Railway(Fun fact: Bangor is the busiest railway station in the province outside Belfast)
38%
Large country estate located outside town Clandeboye Estate
38%
Northern Ireland Executive departments headquartered in town Department of EducationDepartment of Finance
38%
Genderfluid comedian who lived in the town in early childhood Eddie Izzard
38%
Home to Northern Ireland's largest what? Marina
38%
Saint who founded monastery St Comgall
38%
Film based on JG Ballard novel of the same name, starring big name actors such as Tom Hoddesdon and Jeremy Irons; much of it was filmed in the town High Rise
25%
Meaning of name Horned curve Staked enclosure
25%
Former name of town Inver Beg
25%
Bangor hosts what organisation? Royal Ulster Yacht Club
25%
Animal on coat of arms Shark
25%
No matching quizzes found
Score Distribution
Percent of People with Each Score
Percentile by Number Answered
Your Score History
You have not taken this quiz